000
00299nam a2200121Ia 4500
008
190216s9999||||xx |||||||||||||| ||und||
100
_a
Careers
245
0
_a
Careers In Road Transport
260
_b
Career`S Study Center. Newdelhi
_c
1979
300
_a
60p
650
_a
Road Transport
942
_c
REF
999
_c
35812
_d
35812